[Event "CZE-chT2F 1213"]
[Site "Czech Republic"]
[Date "2013.01.06"]
[Round "6.37"]
[White "Kvicala, Miroslav"]
[Black "Kaminsky, Rudolf"]
[Result "1/2-1/2"]
[WhiteElo "2035"]
[BlackElo "2108"]
[PlyCount "107"]
[EventDate "2012.10.14"]
[EventType "team-tourn"]
[EventRounds "11"]
[EventCountry "CZE"]
[SourceTitle "EXT 2016"]
[Source "ChessBase"]
[SourceDate "2015.10.08"]
[SourceVersion "1"]
[SourceVersionDate "2015.10.08"]
[SourceQuality "1"]
[WhiteTeam "Trinec II"]
[BlackTeam "Havirov Slovan"]
[WhiteTeamCountry "CZE"]
[BlackTeamCountry "CZE"]

1. Nf3 d5 2. d4 c6 3. c4 Nf6 4. Qc2 e6 5. Nbd2 Nbd7 6. g3 Bb4 7. Bg2 Ne4 8. 0-0 Nxd2 9. Bxd2 Bxd2 10. Nxd2 0-0 11. e4 dxc4 12. Nxc4 Nb6 13. Rad1 Nxc4 14. Qxc4 Bd7 15. Rd2 a5 16. Rfd1 Qb6 17. Qc5 Qa7 18. e5 Rfd8 19. Be4 Be8 20. Qe7 Rd7 21. Qh4 g6 22. Qf4 Rad8 23. Bf3 Qb6 24. h4 Qb4 25. h5 Qe7 26. h6 g5 27. Qe3 f6 28. Kg2 Bg6 29. Bg4 f5 30. Be2 Rf8 31. f4 g4 32. Qc3 Rfd8 33. Qxa5 Qf8 34. Bc4 Bf7 35. Qc3 Qxh6 36. Rh1 Qf8 37. b4 b6 38. Rhd1 Qe7 39. a4 b5 40. Bb3 bxa4 41. Bxa4 Rb7 42. Rb1 Be8 43. Bc2 Kf7 44. Bd3 h5 45. Bf1 h4 46. gxh4 Qxh4 47. Qg3 Qxg3+ 48. Kxg3 c5 49. b5 Rxd4 50. Rc2 Rb4 51. Rxb4 cxb4 52. Rb2 Bxb5 53. Rxb4 Bc6 54. Rxb7+ 1/2-1/2

[Event "CZE-chT2F 1112"]
[Site "Czech Republic"]
[Date "2012.01.22"]
[Round "6.58"]
[White "Kvicala, Miroslav"]
[Black "Travnicek, Peter Jr"]
[Result "1/2-1/2"]
[WhiteElo "2028"]
[BlackElo "2165"]
[PlyCount "41"]
[EventDate "2011.10.09"]
[EventType "team-tourn"]
[EventRounds "11"]
[EventCountry "CZE"]
[SourceTitle "EXT 2013"]
[Source "ChessBase"]
[SourceDate "2012.11.22"]
[SourceVersion "1"]
[SourceVersionDate "2012.11.22"]
[SourceQuality "1"]
[WhiteTeam "Trinec II"]
[BlackTeam "Olomouc"]
[WhiteTeamCountry "CZE"]
[BlackTeamCountry "CZE"]

1. d4 Nf6 2. c4 e6 3. Nf3 b6 4. g3 Bb7 5. Bg2 Be7 6. Nc3 0-0 7. 0-0 Ne4 8. Nxe4 Bxe4 9. b3 Bf6 10. Bb2 c5 11. e3 Nc6 12. Ne5 Bxg2 13. Kxg2 Qc7 14. Nxc6 dxc6 15. Qc2 cxd4 16. exd4 Rfd8 17. Rfd1 Rd7 18. Rd2 Rad8 19. Rad1 Rd6 20. Bc3 Qd7 21. Qe4 1/2-1/2

[Event "CZE-chT2F 1011"]
[Site "Czech Republic"]
[Date "2011.03.06"]
[Round "9.5"]
[White "Jakubiec, Edyta"]
[Black "Kvicala, Miroslav"]
[Result "1-0"]
[WhiteElo "2189"]
[BlackElo "2042"]
[PlyCount "71"]
[EventDate "2010.10.17"]
[EventType "team-tourn"]
[EventRounds "11"]
[EventCountry "CZE"]
[SourceTitle "EXT 2012"]
[Source "ChessBase"]
[SourceDate "2011.11.24"]
[SourceVersion "1"]
[SourceVersionDate "2011.11.24"]
[SourceQuality "1"]
[WhiteTeam "Ostrava Labortech II"]
[BlackTeam "Trinec III"]
[WhiteTeamCountry "CZE"]
[BlackTeamCountry "CZE"]

1. e4 d5 2. exd5 Qxd5 3. Nf3 Bg4 4. Be2 Nc6 5. h3 Bh5 6. d4 e5 7. dxe5 Qxd1+ 8. Bxd1 0-0-0 9. Nc3 Bxf3 10. Bxf3 Nxe5 11. Be2 Nf6 12. a3 Bc5 13. 0-0 Rhe8 14. Na4 Bd6 15. Bg5 Ned7 16. Rfe1 h6 17. Be3 a6 18. c4 Ne5 19. Rad1 Be7 20. b4 Rxd1 21. Rxd1 Rd8 22. Rb1 Ne4 23. c5 Nd2 24. Rc1 Ne4 25. Nb2 Bf6 26. Nc4 Nc6 27. Kh2 Nd4 28. Bd1 Nc6 29. Bh5 g6 30. Bf3 Ng5 31. Bxc6 bxc6 32. Na5 Bb2 33. Rb1 Bd4 34. Nxc6 Bxe3 35. Nxd8 Bf4+ 36. g3 1-0

[Event "CZE-chT1E 1011"]
[Site "Czech Republic"]
[Date "2011.02.13"]
[Round "8.7"]
[White "Kvicala, Miroslav"]
[Black "Knazovcik, Ladislav"]
[Result "1/2-1/2"]
[WhiteElo "2042"]
[BlackElo "2259"]
[PlyCount "83"]
[EventDate "2010.10.10"]
[EventType "team-tourn"]
[EventRounds "11"]
[EventCountry "CZE"]
[SourceTitle "EXT 2012"]
[Source "ChessBase"]
[SourceDate "2011.11.24"]
[SourceVersion "1"]
[SourceVersionDate "2011.11.24"]
[SourceQuality "1"]
[WhiteTeam "Trinec II"]
[BlackTeam "Stare Mesto"]
[WhiteTeamCountry "CZE"]
[BlackTeamCountry "CZE"]

1. d4 d5 2. c4 c6 3. Nf3 Nf6 4. Nc3 a6 5. cxd5 cxd5 6. Bf4 Nc6 7. e3 e6 8. Bd3 Be7 9. Ne5 0-0 10. 0-0 Nxe5 11. Bxe5 Nd7 12. Bg3 b5 13. Rc1 Bb7 14. Qc2 h6 15. Ne2 Rc8 16. Bc7 Qe8 17. Qd2 Nc5 18. Bg3 Nxd3 19. Qxd3 Qd7 20. Qd2 b4 21. Rxc8 Rxc8 22. Rc1 a5 23. Rxc8+ Qxc8 24. Qc1 Qc4 25. Qxc4 dxc4 26. Bc7 a4 27. Ba5 Be4 28. Kf1 b3 29. a3 Bxa3 30. bxa3 b2 31. Nc3 b1Q+ 32. Nxb1 Bxb1 33. Ke2 Bd3+ 34. Kd2 Bf1 35. g3 Bg2 36. Kc3 g5 37. Kxc4 Bf3 38. Kd3 f5 39. Kc4 g4 40. Kc5 Kf7 41. Kd6 Be4 42. Bb6 1/2-1/2